| 000 -LEADER |
| fixed length control field |
01850cam a2200385 i 4500 |
| 001 - CONTROL NUMBER |
| control field |
(Sirsi) a1038930 |
| 003 - CONTROL NUMBER IDENTIFIER |
| control field |
OSt |
| 005 - DATE AND TIME OF LATEST TRANSACTION |
| control field |
20230602140207.0 |
| 008 - FIXED-LENGTH DATA ELEMENTS--GENERAL INFORMATION |
| fixed length control field |
190304t20132013nbua b 000 1 eng d |
| 020 ## - INTERNATIONAL STANDARD BOOK NUMBER |
| International Standard Book Number |
9781934490495 |
| Qualifying information |
(paperback) : |
| 040 ## - CATALOGING SOURCE |
| Original cataloging agency |
CASSC |
| Language of cataloging |
eng |
| Transcribing agency |
CASSC |
| Modifying agency |
OCLCO |
| -- |
OCLCQ |
| -- |
YDXCP |
| -- |
BDX |
| -- |
QBX |
| -- |
OCLCQ |
| -- |
OCLCO |
| -- |
OCLCA |
| -- |
OCLCF |
| -- |
OCLCQ |
| -- |
TAE |
| -- |
KH8 |
| Description conventions |
rda |
| 042 ## - AUTHENTICATION CODE |
| Authentication code |
nbic |
| 082 0# - DEWEY DECIMAL CLASSIFICATION NUMBER |
| Classification number |
372.8 COO |
| 100 1# - MAIN ENTRY--PERSONAL NAME |
| Personal name |
Cook, Julia, |
| Dates associated with a name |
1964- |
| Relator term |
author. |
| 245 10 - TITLE STATEMENT |
| Title |
Thanks for the feedback, I think ... / |
| Statement of responsibility, etc. |
written by Julia Cook ; illustrated by Kelsey De Weerd. |
| 264 #1 - PRODUCTION, PUBLICATION, DISTRIBUTION, MANUFACTURE, AND COPYRIGHT NOTICE |
| Place of production, publication, distribution, manufacture |
Boys Town, Nebraska : |
| Name of producer, publisher, distributor, manufacturer |
Boys Town Press, |
| Date of production, publication, distribution, manufacture, or copyright notice |
[2013] |
| 264 #4 - PRODUCTION, PUBLICATION, DISTRIBUTION, MANUFACTURE, AND COPYRIGHT NOTICE |
| Date of production, publication, distribution, manufacture, or copyright notice |
©2013. |
| 300 ## - PHYSICAL DESCRIPTION |
| Extent |
31 pages : |
| Other physical details |
color illustrations ; |
| Dimensions |
23 cm. |
| 336 ## - CONTENT TYPE |
| Content type term |
text |
| Content type code |
txt |
| Source |
rdacontent. |
| 336 ## - CONTENT TYPE |
| Content type term |
still image |
| Content type code |
sti |
| Source |
rdacontent. |
| 337 ## - MEDIA TYPE |
| Media type term |
unmediated |
| Media type code |
n |
| Source |
rdamedia. |
| 338 ## - CARRIER TYPE |
| Carrier type term |
volume |
| Carrier type code |
nc |
| Source |
rdacarrier. |
| 490 0# - SERIES STATEMENT |
| Series statement |
Best me I can be! |
| 500 ## - GENERAL NOTE |
| General note |
"My story about accepting criticism and compliments ... the right way!"--Cover. |
| 520 ## - SUMMARY, ETC. |
| Summary, etc. |
When a couple of friends give RJ a compliment, he just isn't sure how to respond. When his teacher and parents tell him there are some things he needs to work on, his first reaction is to argue and make excuses. RJ learns what it means to receive positive and negative feedback, and how to respond appropriately, learning to accept and grow from criticism and compliments at home, school and with friends.--Publisher. |
| 521 1# - TARGET AUDIENCE NOTE |
| Target audience note |
Ages 5-12. |
| 650 #0 - SUBJECT ADDED ENTRY--TOPICAL TERM |
| Topical term or geographic name entry element |
Children |
| Form subdivision |
Life skills guides |
| -- |
Juvenile fiction. |
| 650 #0 - SUBJECT ADDED ENTRY--TOPICAL TERM |
| Topical term or geographic name entry element |
Feedback (Psychology) |
| Form subdivision |
Juvenile fiction. |
| 650 #0 - SUBJECT ADDED ENTRY--TOPICAL TERM |
| Topical term or geographic name entry element |
Interpersonal communication |
| Form subdivision |
Juvenile fiction. |
| 650 #0 - SUBJECT ADDED ENTRY--TOPICAL TERM |
| Topical term or geographic name entry element |
Compliments |
| Form subdivision |
Juvenile fiction. |
| 650 #0 - SUBJECT ADDED ENTRY--TOPICAL TERM |
| Topical term or geographic name entry element |
Praise |
| Form subdivision |
Juvenile fiction. |
| 650 #0 - SUBJECT ADDED ENTRY--TOPICAL TERM |
| Topical term or geographic name entry element |
Criticism, Personal |
| Form subdivision |
Juvenile fiction. |
| 700 1# - ADDED ENTRY--PERSONAL NAME |
| Personal name |
De Weerd, Kelsey, |
| Relator term |
illustrator. |
| 942 ## - ADDED ENTRY ELEMENTS (KOHA) |
| Source of classification or shelving scheme |
|
| Koha item type |
Books - Non Ficton |